MARC details
| 000 -CABECERA |
| campo de control de longitud fija |
02472nam a22003617a 4500 |
| 001 - NÚMERO DE CONTROL |
| campo de control |
BRCA_9209 |
| 003 - IDENTIFICADOR DEL NÚMERO DE CONTROL |
| campo de control |
FranzMayer |
| 005 - FECHA Y HORA DE LA ÚLTIMA TRANSACCIÓN |
| campo de control |
20220809135157.0 |
| 008 - DATOS DE LONGITUD FIJA--INFORMACIÓN GENERAL |
| campo de control de longitud fija |
220720b |||||||| |||| 00| 0 eng d |
| 020 ## - NÚMERO INTERNACIONAL ESTÁNDAR DEL LIBRO |
| Número Internacional Estándar del Libro |
9788494441547 |
| 040 ## - FUENTE DE LA CATALOGACIÓN |
| Lengua de catalogación |
spa |
| Centro/agencia transcriptor |
MFM |
| 041 ## - CÓDIGO DE LENGUA |
| Código de lengua del texto/banda sonora o título independiente |
spa |
| 050 ## - SIGNATURA TOPOGRÁFICA DE LA BIBLIOTECA DEL CONGRESO |
| Número de clasificación |
F1386.23.A2 |
| Número de documento/Ítem |
F96 2015 |
| 245 ## - MENCIÓN DE TÍTULO |
| Título |
Fundaciones virreinales que dieron forma a la Ciudad de México |
| 260 ## - PUBLICACIÓN, DISTRIBUCIÓN, ETC. |
| Lugar de publicación, distribución, etc. |
España : |
| Nombre del editor, distribuidor, etc. |
El Viso |
| Fecha de publicación, distribución, etc. |
2015 |
| 260 ## - PUBLICACIÓN, DISTRIBUCIÓN, ETC. |
| Nombre del editor, distribuidor, etc. |
Nacional Monte de Piedad, IAP, |
| Fecha de publicación, distribución, etc. |
2015 |
| 300 ## - DESCRIPCIÓN FÍSICA |
| Extensión |
283 p. : |
| Otras características físicas |
il., fot. ; |
| Dimensiones |
28.5 x 32 |
| 500 ## - NOTA GENERAL |
| Nota general |
Ubicación: L59-N5 |
| 500 ## - NOTA GENERAL |
| Nota general |
Incluye imagen de la Colección Franz Mayer (p. 81) |
| 500 ## - NOTA GENERAL |
| Nota general |
Índice (p. 11) |
| 504 ## - NOTA DE BIBLIOGRAFÍA, ETC. |
| Nota de bibliografía, etc. |
Bibliografía: pp. 281-283 |
| 505 2# - NOTA DE CONTENIDO CON FORMATO |
| Título |
Prólogo / |
| Mención de responsabilidad |
Ricardo Raphael de la Madrid |
| 505 2# - NOTA DE CONTENIDO CON FORMATO |
| Título |
Estampas de la Ciudad de México. Siglos XIX-XXI / |
| Mención de responsabilidad |
Sandra Ortega y Patricia Ruvalcaba |
| 505 2# - NOTA DE CONTENIDO CON FORMATO |
| Título |
Enfermar y sanar: El Hospital de Jesús y su presencia en la Ciudad de México / |
| Mención de responsabilidad |
Claudia Itzkowick |
| 505 2# - NOTA DE CONTENIDO CON FORMATO |
| Título |
Aprender y enseñar: El Colegio de San Ignacio de Loyola Vizcaínas y el centro histórico a su alrededor / |
| Mención de responsabilidad |
Claudia Itzkowick |
| 505 2# - NOTA DE CONTENIDO CON FORMATO |
| Título |
Empeñados en vivir: Nacional Monte de Piedad, parada cotidiana en la capital / |
| Mención de responsabilidad |
Claudia Itzkowick |
| 520 ## - SUMARIO, ETC. |
| Sumario, etc. |
Este libro describe cómo se desenvolvía la vida cotidiana en la Ciudad de México desde los últimos momentos del Virreinato de Nueva España hasta el México independiente de nuestros días; describe las costumbres sociales, económicas y religiosas de una sociedad civil en constante evolución pero, sobre todo, pretende dar una breve cisión de cómo se organizó la vida en común durante el proceso de construcción de la nueva nación mexicana en torno a tres aspectos básicos para el desarrollo de una sociedad: la salud, la educación y las finanzas. Estas áreas fundamentales están íntimamente ligadas a tres de los pilares institucionales más importantes de México: el Hospital de la Purísima Concepción, hoy Hospital de Jesús, el Colegio de San Ignacio de Loyola Vizcaínas, conocido comúnmente como el Colegio de las Vizcaínas, y el Sacro y Real Monte de Piedad y Ánimas, hoy Nacional Monte de Piedad. |
| 610 ## - PUNTO DE ACCESO ADICIONAL DE MATERIA--NOMBRE DE ENTIDAD CORPORATIVA |
| Nombre de entidad corporativa o nombre de jurisdicción como elemento de entrada |
Hospital de Jesús (Mexico City, Mexico) |
| Subdivisión general |
Historia |
| 9 (RLIN) |
28469 |
| 610 ## - PUNTO DE ACCESO ADICIONAL DE MATERIA--NOMBRE DE ENTIDAD CORPORATIVA |
| Nombre de entidad corporativa o nombre de jurisdicción como elemento de entrada |
Colegio de San Ignacio de Loyola Vizcaínas (Mexico City, Mexico) |
| Subdivisión general |
Historia |
| 9 (RLIN) |
28470 |
| 610 ## - PUNTO DE ACCESO ADICIONAL DE MATERIA--NOMBRE DE ENTIDAD CORPORATIVA |
| Nombre de entidad corporativa o nombre de jurisdicción como elemento de entrada |
Nacional Monte de Piedad (Mexico) |
| Subdivisión general |
Historia |
| 9 (RLIN) |
28471 |
| 942 ## - ELEMENTOS DE PUNTO DE ACCESO ADICIONAL (KOHA) |
| Fuente del sistema de clasificación o colocación |
Library of Congress Classification |
| Tipo de ítem Koha |
Libros |